000 00648nam a2200205 a 4500
001 000026458
005 20200930030232.0
008 110318s2008 dr ac 000 0 spa d
020 _a9788466739405
040 _aDO-SdBNP
_bspa
_cBNPHU
082 _axxxx
_bL834, 2008
100 1 _aSantana Cordero, Loida Altagracia
_953515
245 1 0 _aReligión 1 :
_bformación integral humana y religiosa /
_cpresentación Melanio Paredes.
250 _a4a ed.
260 _aSanto Domingo :
_bGrupo Anaya,
_c2008.
300 _a149 p. :
_bil., retr. ;
_c27 cm.
504 _aBibliografía : [p.150-152]
700 1 _aParedes, Melanio
_953516
049 _aBNPD
999 _c25950
_d25950